[Event "WCO 2016"]
[Site "?"]
[Date "2016.09.13"]
[Round "11"]
[Board "27"]
[WhiteID "12800066"]
[White "Butnorius Algimantas"]
[BlackID "5600618"]
[Black "Zerafa Robert"]
[Result "1-0"]
[BlackElo "2068"]
[WhiteElo "2348"]
[LiveChessVersion "1.4.8"]

1. d4 {[%clk 1:30:57]} Nf6 {[%clk 1:30:58]} 2. Nf3 {[%clk 1:31:19]} g6
{[%clk 1:31:24]} 3. c4 {[%clk 1:31:29]} Bg7 {[%clk 1:31:51]} 4. g3
{[%clk 1:30:33]} O-O {[%clk 1:32:05]} 5. Bg2 {[%clk 1:30:57]} d6 {[%clk 1:32:17]}
6. O-O {[%clk 1:30:44]} c6 {[%clk 1:32:28]} 7. Nc3 {[%clk 1:30:47]} Qa5
{[%clk 1:31:48]} 8. h3 {[%clk 1:21:56]} Be6 {[%clk 1:27:41]} 9. d5
{[%clk 1:19:39]} cxd5 {[%clk 1:20:52]} 10. Nd4 {[%clk 1:19:57]} dxc4
{[%clk 1:20:50]} 11. Nxe6 {[%clk 1:19:17]} fxe6 {[%clk 1:20:46]} 12. Bxb7
{[%clk 1:19:42]} Nbd7 {[%clk 1:20:47]} 13. Bxa8 {[%clk 1:19:00]} Rxa8
{[%clk 1:21:09]} 14. Bd2 {[%clk 1:14:40]} Rb8 {[%clk 1:10:32]} 15. Qc2
{[%clk 1:09:37]} Qf5 {[%clk 1:08:07]} 16. Qxf5 {[%clk 1:06:57]} gxf5
{[%clk 1:07:37]} 17. Rab1 {[%clk 1:07:06]} Nc5 {[%clk 1:06:22]} 18. f3
{[%clk 0:54:59]} Nd5 {[%clk 0:45:24]} 19. Rfd1 {[%clk 0:54:41]} Bd4+
{[%clk 0:39:16]} 20. Kg2 {[%clk 0:53:36]} Ne3+ {[%clk 0:35:15]} 21. Bxe3
{[%clk 0:53:28]} Bxe3 {[%clk 0:35:31]} 22. b3 {[%clk 0:48:54]} cxb3
{[%clk 0:31:54]} 23. axb3 {[%clk 0:49:18]} Rxb3 {[%clk 0:31:28]} 24. Rxb3
{[%clk 0:48:19]} Nxb3 {[%clk 0:31:54]} 25. Rb1 {[%clk 0:44:51]} Nc5
{[%clk 0:29:17]} 26. Rb8+ {[%clk 0:42:31]} Kf7 {[%clk 0:29:37]} 27. Ra8
{[%clk 0:42:30]} a6 {[%clk 0:28:12]} 28. Nd1 {[%clk 0:42:21]} Bd2
{[%clk 0:27:11]} 29. Nb2 {[%clk 0:39:47]} d5 {[%clk 0:26:23]} 30. Nd3
{[%clk 0:37:10]} Nxd3 {[%clk 0:25:53]} 31. exd3 {[%clk 0:37:34]} a5
{[%clk 0:26:00]} 32. Kf2 {[%clk 0:35:05]} Bb4 {[%clk 0:20:12]} 33. g4
{[%clk 0:25:54]} f4 {[%clk 0:12:42]} 34. Ke2 {[%clk 0:19:07]} Bc3
{[%clk 0:09:32]} 35. h4 {[%clk 0:17:35]} h6 {[%clk 0:08:09]} 36. h5
{[%clk 0:16:49]} Kg7 {[%clk 0:04:41]} 37. Kd1 {[%clk 0:16:44]} Kf7
{[%clk 0:04:45]} 38. Ra6 {[%clk 0:10:54]} Kf6 {[%clk 0:03:05]} 39. Kc2
{[%clk 0:08:20]} Be1 {[%clk 0:03:17]} 40. Kb3 {[%clk 0:36:46]} Bb4
{[%clk 0:30:35]} 41. Rc6 {[%clk 0:35:27]} Bd6 {[%clk 0:29:22]} 42. Rc8
{[%clk 0:28:22]} e5 {[%clk 0:23:41]} 43. Rf8+ {[%clk 0:27:38]} Kg7
{[%clk 0:21:58]} 44. Ra8 {[%clk 0:27:38]} Bb4 {[%clk 0:17:52]} 45. Kc2
{[%clk 0:27:27]} Kf6 {[%clk 0:14:44]} 46. Rg8 {[%clk 0:25:49]} e4
{[%clk 0:13:01]} 47. dxe4 {[%clk 0:25:36]} dxe4 {[%clk 0:12:15]} 48. fxe4
{[%clk 0:25:59]} Kf7 {[%clk 0:10:09]} 49. Rg6 {[%clk 0:22:21]} f3
{[%clk 0:06:35]} 50. Kd3 {[%clk 0:22:42]} f2 {[%clk 0:06:14]} 51. Ke2
{[%clk 0:23:07]} Bd2 {[%clk 0:06:20]} 52. Kxf2 e6 {[%clk 0:06:36]} 53. Ke2
{[%clk 0:20:50]} Bf4 {[%clk 0:06:12]} 54. Kd3 {[%clk 0:21:07]} a4
{[%clk 0:06:26]} 55. Kc2 {[%clk 0:20:18]} Be3 {[%clk 0:05:48]} 56. e5
{[%clk 0:19:19]} a3 {[%clk 0:05:58]} 57. Kb3 {[%clk 0:19:41]} Bc1
{[%clk 0:06:13]} 58. Rf6+ {[%clk 0:19:20]} Ke7 {[%clk 0:06:42]} 59. Rf2
{[%clk 0:13:40]} Kd7 {[%clk 0:05:24]} 60. Re2 {[%clk 0:12:38]} Kd8
{[%clk 0:03:34]} 61. Rc2 {[%clk 0:11:43]} Bf4 {[%clk 0:01:03]} 62. Rc5
{[%clk 0:11:53]} Be3 {[%clk 0:00:43]} 63. Rc4 {[%clk 0:11:13]} Bf2
{[%clk 0:00:34]} 64. Kxa3 {[%clk 0:11:23]} 1-0

[Event "WCO 2016"]
[Site "?"]
[Date "2016.09.13"]
[Round "11"]
[Board "28"]
[WhiteID "5600243"]
[White "Vella Duncan"]
[BlackID "5400040"]
[Black "Ribbegren Karl Johan"]
[Result "0-1"]
[BlackElo "2267"]
[WhiteElo "2017"]
[LiveChessVersion "1.4.8"]

1. e4 {[%clk 1:30:54]} c5 {[%clk 1:30:52]} 2. Nf3 {[%clk 1:31:06]} g6
{[%clk 1:31:11]} 3. Bc4 {[%clk 1:30:22]} Bg7 {[%clk 1:30:51]} 4. c3
{[%clk 1:30:01]} Qc7 {[%clk 1:28:56]} 5. O-O {[%clk 1:25:42]} Nc6
{[%clk 1:28:35]} 6. d4 {[%clk 1:21:57]} cxd4 {[%clk 1:21:12]} 7. cxd4
{[%clk 1:20:58]} Nxd4 {[%clk 1:17:34]} 8. Bxf7+ {[%clk 1:20:32]} Kxf7
{[%clk 1:17:57]} 9. Nxd4 {[%clk 1:20:57]} Nf6 {[%clk 1:09:01]} 10. Qb3+
{[%clk 1:05:53]} e6 {[%clk 1:07:17]} 11. Nb5 {[%clk 0:59:04]} Qb8
{[%clk 1:03:14]} 12. Qf3 {[%clk 0:47:55]} a6 {[%clk 1:01:20]} 13. N5c3
{[%clk 0:42:58]} Rf8 {[%clk 0:58:21]} 14. Bf4 {[%clk 0:38:40]} d6
{[%clk 0:57:30]} 15. Rd1 {[%clk 0:36:34]} e5 {[%clk 0:56:11]} 16. Bg5
{[%clk 0:31:56]} b5 {[%clk 0:47:12]} 17. Qd3 {[%clk 0:27:03]} Kg8
{[%clk 0:44:11]} 18. Bxf6 {[%clk 0:23:15]} Rxf6 {[%clk 0:43:44]} 19. Nd5
{[%clk 0:23:36]} Rf7 {[%clk 0:43:18]} 20. Nd2 {[%clk 0:20:46]} Qa7
{[%clk 0:36:11]} 21. Rf1 {[%clk 0:19:18]} Be6 {[%clk 0:29:17]} 22. Nf3
{[%clk 0:18:53]} Bh6 {[%clk 0:23:48]} 23. h4 {[%clk 0:15:40]} Raf8
{[%clk 0:22:20]} 24. b3 {[%clk 0:13:24]} Bg4 {[%clk 0:18:37]} 25. Nh2
{[%clk 0:08:49]} Rxf2 {[%clk 0:18:11]} 26. Kh1 {[%clk 0:08:06]} Be2
{[%clk 0:17:34]} 0-1

[Event "WCO 2016"]
[Site "?"]
[Date "2016.09.13"]
[Round "11"]
[Board "29"]
[WhiteID "13202340"]
[White "Lee Jun Hyeok"]
[BlackID "9300244"]
[Black "Omar Noaman"]
[Result "1-0"]
[BlackElo "2377"]
[WhiteElo "2238"]
[LiveChessVersion "1.4.8"]

1. d4 {[%clk 1:30:45]} Nf6 {[%clk 1:30:54]} 2. c4 {[%clk 1:30:59]} e6
{[%clk 1:31:17]} 3. Nc3 {[%clk 1:31:02]} Bb4 {[%clk 1:31:40]} 4. Qc2
{[%clk 1:31:27]} b6 {[%clk 1:31:59]} 5. e4 {[%clk 1:30:48]} c5 {[%clk 1:32:19]}
6. a3 {[%clk 1:28:35]} Bxc3+ {[%clk 1:32:27]} 7. bxc3 {[%clk 1:28:56]} Bb7
{[%clk 1:32:38]} 8. Bd3 {[%clk 1:29:00]} b5 {[%clk 1:32:16]} 9. Qb1
{[%clk 1:28:20]} cxd4 {[%clk 1:32:23]} 10. cxd4 {[%clk 1:28:44]} bxc4
{[%clk 1:32:42]} 11. Qxb7 {[%clk 1:26:58]} cxd3 {[%clk 1:32:50]} 12. e5
{[%clk 1:16:29]} Nd5 {[%clk 1:32:59]} 13. Qb5 {[%clk 1:15:18]} O-O
{[%clk 1:22:38]} 14. Nf3 {[%clk 1:10:36]} Qb6 {[%clk 1:22:31]} 15. Qxd3
{[%clk 1:10:17]} Qa6 {[%clk 1:22:22]} 16. Ke2 {[%clk 1:06:48]} f6
{[%clk 1:13:27]} 17. Qxa6 {[%clk 0:59:04]} Nxa6 {[%clk 1:13:00]} 18. Bd2
{[%clk 0:59:28]} Rab8 {[%clk 1:08:44]} 19. Rab1 {[%clk 0:59:10]} Kf7
{[%clk 1:08:22]} 20. Rhc1 {[%clk 0:53:56]} Ke7 {[%clk 1:08:25]} 21. Rxb8
{[%clk 0:39:26]} Rxb8 {[%clk 1:04:11]} 22. Rc4 {[%clk 0:39:34]} Nac7
{[%clk 0:58:50]} 23. Ra4 {[%clk 0:34:01]} a6 {[%clk 0:58:59]} 24. Ne1
{[%clk 0:22:50]} Rb3 {[%clk 0:54:38]} 25. Nc2 {[%clk 0:22:42]} Rb2
{[%clk 0:44:40]} 26. Kd3 {[%clk 0:21:57]} Rb3+ {[%clk 0:42:29]} 27. Ke2
{[%clk 0:22:26]} d6 {[%clk 0:38:13]} 28. Bb4 {[%clk 0:18:49]} fxe5
{[%clk 0:14:45]} 29. dxe5 {[%clk 0:19:12]} Rxb4 {[%clk 0:11:21]} 30. Rxb4
{[%clk 0:19:39]} Nxb4 {[%clk 0:11:42]} 31. exd6+ {[%clk 0:17:29]} Kxd6
{[%clk 0:12:10]} 32. Nxb4 {[%clk 0:17:24]} Kc5 {[%clk 0:12:15]} 33. Kd3
{[%clk 0:17:15]} Kb5 {[%clk 0:12:12]} 34. Nc2 {[%clk 0:16:01]} Ka4
{[%clk 0:08:39]} 35. Kc4 {[%clk 0:12:20]} Nb5 {[%clk 0:08:46]} 36. Nb4
{[%clk 0:10:44]} Nc7 {[%clk 0:03:31]} 37. Kc5 {[%clk 0:09:13]} Nd5
{[%clk 0:01:37]} 38. Nxa6 {[%clk 0:09:07]} Nf4 {[%clk 0:01:59]} 39. Kd4
{[%clk 0:06:43]} Nxg2 {[%clk 0:02:01]} 40. Nc5+ {[%clk 0:36:47]} Kxa3
{[%clk 0:32:13]} 41. Nxe6 {[%clk 0:37:08]} Nh4 {[%clk 0:26:14]} 42. Ke4
{[%clk 0:33:45]} Kb4 {[%clk 0:24:13]} 43. Nxg7 {[%clk 0:32:15]} Kc5
{[%clk 0:24:13]} 44. Ne8 {[%clk 0:25:56]} Ng6 {[%clk 0:21:27]} 45. Kf5
{[%clk 0:18:05]} Kd4 {[%clk 0:20:59]} 46. Nf6 {[%clk 0:17:35]} Nf8
{[%clk 0:21:14]} 47. h4 {[%clk 0:16:58]} Kd3 {[%clk 0:20:40]} 48. h5
{[%clk 0:14:08]} Ke2 {[%clk 0:21:04]} 49. f4 {[%clk 0:13:05]} Kf3
{[%clk 0:19:48]} 50. h6 {[%clk 0:11:33]} Kg3 {[%clk 0:20:05]} 51. Nxh7
{[%clk 0:11:47]} Nxh7 {[%clk 0:20:25]} 52. Kg6 {[%clk 0:12:14]} Nf8+
{[%clk 0:19:46]} 53. Kf7 {[%clk 0:12:36]} Nh7 {[%clk 0:19:56]} 54. Kg7
{[%clk 0:13:02]} 1-0

[Event "WCO 2016"]
[Site "?"]
[Date "2016.09.13"]
[Round "11"]
[Board "30"]
[WhiteID "9301453"]
[White "Saeed Ishaq"]
[BlackID "13202820"]
[Black "Chon Yongjoon"]
[Result "1-0"]
[BlackElo "2025"]
[WhiteElo "2310"]
[LiveChessVersion "1.4.8"]

1. d4 {[%clk 1:30:50]} Nf6 {[%clk 1:30:46]} 2. c4 {[%clk 1:31:07]} g6
{[%clk 1:30:51]} 3. Nc3 {[%clk 1:31:27]} Bg7 {[%clk 1:31:18]} 4. e4
{[%clk 1:31:44]} d6 {[%clk 1:31:46]} 5. f3 {[%clk 1:32:03]} O-O {[%clk 1:32:13]}
6. Be3 {[%clk 1:32:18]} c5 {[%clk 1:32:40]} 7. Nge2 {[%clk 1:32:04]} Nc6
{[%clk 1:33:04]} 8. d5 {[%clk 1:31:06]} Ne5 {[%clk 1:33:32]} 9. Ng3
{[%clk 1:30:37]} h5 {[%clk 1:33:51]} 10. Be2 {[%clk 1:30:55]} h4 {[%clk 1:34:06]}
11. Nf1 {[%clk 1:31:10]} e6 12. g4 {[%clk 0:36:25]} hxg3 {[%clk 1:19:29]} 13.
hxg3 exd5 {[%clk 1:15:31]} 14. cxd5 {[%clk 0:32:46]} a6 {[%clk 1:13:03]} 15. Qd2
{[%clk 0:30:06]} Ne8 {[%clk 1:11:38]} 16. f4 {[%clk 0:18:00]} Ng4
{[%clk 1:10:54]} 17. Bxg4 {[%clk 0:18:19]} Bxg4 {[%clk 1:11:19]} 18. Nh2
{[%clk 0:18:38]} Bd7 {[%clk 1:11:16]} 19. Nf3 {[%clk 0:18:50]} Nf6
{[%clk 0:42:19]} 20. e5 {[%clk 0:18:00]} Ng4 {[%clk 0:41:53]} 21. Ne4
{[%clk 0:18:18]} dxe5 {[%clk 0:38:33]} 22. fxe5 {[%clk 0:14:52]} Nxe3
{[%clk 0:24:24]} 23. Qxe3 {[%clk 0:10:57]} Bg4 {[%clk 0:23:38]} 24. O-O-O
{[%clk 0:07:12]} Bxf3 {[%clk 0:23:25]} 25. Qxf3 {[%clk 0:07:34]} Bxe5
{[%clk 0:23:52]} 26. g4 {[%clk 0:06:26]} Re8 {[%clk 0:17:13]} 27. d6
{[%clk 0:02:53]} Re6 {[%clk 0:15:54]} 28. g5 {[%clk 0:02:31]} c4 {[%clk 0:12:18]}
29. Rdf1 {[%clk 0:01:07]} Qe8 {[%clk 0:07:42]} 30. Qh3 {[%clk 0:00:55]} Qb5
{[%clk 0:03:05]} 31. Qh7+ {[%clk 0:01:08]} 1-0

[Event "WCO 2016"]
[Site "?"]
[Date "2016.09.13"]
[Round "11"]
[Board "31"]
[WhiteID "13200518"]
[White "Kim Saebyeok"]
[BlackID "9300465"]
[Black "AlHuwar Jasem"]
[Result "1/2-1/2"]
[BlackElo "2291"]
[WhiteElo "1950"]
[LiveChessVersion "1.4.8"]

1. e4 {[%clk 1:30:58]} g6 {[%clk 1:30:44]} 2. d4 {[%clk 1:31:10]} Bg7
{[%clk 1:31:00]} 3. Nc3 {[%clk 1:30:57]} d6 {[%clk 1:31:19]} 4. Be3
{[%clk 1:28:25]} c6 {[%clk 1:31:41]} 5. a4 {[%clk 1:28:48]} Nf6 {[%clk 1:31:10]}
6. h3 {[%clk 1:28:59]} O-O {[%clk 1:30:45]} 7. g3 {[%clk 1:29:16]} e5
{[%clk 1:29:54]} 8. Nge2 {[%clk 1:29:34]} exd4 {[%clk 1:23:52]} 9. Bxd4
{[%clk 1:27:36]} Re8 {[%clk 1:21:12]} 10. Bg2 {[%clk 1:27:58]} Qc7
{[%clk 1:20:52]} 11. O-O {[%clk 1:28:11]} Be6 {[%clk 1:09:14]} 12. Re1
{[%clk 1:23:08]} Nbd7 {[%clk 1:06:06]} 13. b3 {[%clk 1:14:51]} Rad8
{[%clk 1:00:07]} 14. Qd2 {[%clk 1:01:50]} Nf8 {[%clk 0:52:33]} 15. Rad1
{[%clk 0:57:10]} Bc8 {[%clk 0:52:04]} 16. a5 {[%clk 0:41:13]} b6 {[%clk 0:41:05]}
17. axb6 {[%clk 0:36:58]} axb6 {[%clk 0:41:23]} 18. Nf4 {[%clk 0:32:43]} Qb8
{[%clk 0:36:06]} 19. Qe3 {[%clk 0:25:45]} c5 {[%clk 0:27:20]} 20. Bxf6
{[%clk 0:23:47]} Bxf6 {[%clk 0:27:43]} 21. Ncd5 {[%clk 0:19:29]} Bg7
{[%clk 0:27:40]} 22. b4 {[%clk 0:17:08]} Ne6 {[%clk 0:23:28]} 23. bxc5
{[%clk 0:14:48]} bxc5 {[%clk 0:21:28]} 24. Qa3 {[%clk 0:08:59]} Bb7
{[%clk 0:13:34]} 25. Rb1 {[%clk 0:08:47]} Nxf4 {[%clk 0:13:43]} 26. Nxf4
{[%clk 0:06:16]} Qc8 {[%clk 0:13:47]} 27. Qb3 {[%clk 0:03:59]} Bc6
{[%clk 0:12:59]} 28. Qc4 {[%clk 0:03:40]} Qa8 {[%clk 0:09:00]} 29. Nd5
{[%clk 0:03:09]} Qa5 {[%clk 0:07:40]} 30. Red1 {[%clk 0:02:32]} Kf8
{[%clk 0:04:33]} 31. Kh2 {[%clk 0:01:41]} Rb8 {[%clk 0:04:02]} 32. Rxb8
{[%clk 0:01:07]} Rxb8 {[%clk 0:04:29]} 33. Nf4 {[%clk 0:01:11]} Rb4
{[%clk 0:04:02]} 34. Qe2 {[%clk 0:00:47]} Rd4 {[%clk 0:02:26]} 35. Rxd4
{[%clk 0:01:03]} Bxd4 {[%clk 0:02:34]} 36. Nd5 {[%clk 0:00:55]} Bxd5
{[%clk 0:02:15]} 1/2-1/2

[Event "WCO 2016"]
[Site "?"]
[Date "2016.09.13"]
[Round "11"]
[Board "32"]
[WhiteID "9303871"]
[White "Mayed AlRashedi "]
[BlackID "13203088"]
[Black "Kwon Sehyun"]
[Result "1-0"]
[BlackElo "2111"]
[WhiteElo "2054"]
[LiveChessVersion "1.4.8"]

1. e4 {[%clk 1:30:55]} c5 {[%clk 1:30:48]} 2. Nf3 {[%clk 1:30:42]} g6
{[%clk 1:31:09]} 3. d4 {[%clk 1:31:07]} cxd4 {[%clk 1:31:35]} 4. Nxd4
{[%clk 1:31:34]} Nc6 {[%clk 1:31:48]} 5. c4 {[%clk 1:31:32]} Nf6 {[%clk 1:31:39]}
6. Nc3 {[%clk 1:31:29]} Nxd4 {[%clk 1:30:11]} 7. Qxd4 {[%clk 1:31:48]} d6
{[%clk 1:30:28]} 8. Bg5 {[%clk 1:31:19]} Bg7 {[%clk 1:30:01]} 9. Be2
{[%clk 1:30:59]} O-O {[%clk 1:30:04]} 10. Qd2 {[%clk 1:30:58]} a5
{[%clk 1:28:48]} 11. Rd1 {[%clk 1:28:10]} Be6 {[%clk 1:27:15]} 12. b3
{[%clk 1:28:20]} a4 {[%clk 1:23:58]} 13. e5 {[%clk 1:28:33]} Ng4 {[%clk 0:44:59]}
14. exd6 {[%clk 1:16:39]} axb3 {[%clk 0:35:22]} 15. dxe7 {[%clk 1:01:20]} Qxd2+
{[%clk 0:32:28]} 16. Bxd2 {[%clk 1:01:26]} Rfe8 {[%clk 0:32:01]} 17. axb3
{[%clk 1:00:07]} Rxe7 {[%clk 0:31:55]} 18. O-O {[%clk 0:57:38]} Rd7
{[%clk 0:23:56]} 19. h3 {[%clk 0:39:57]} Rad8 {[%clk 0:14:17]} 20. Ne4
{[%clk 0:36:09]} f5 {[%clk 0:02:36]} 21. Nc5 {[%clk 0:34:33]} Rxd2
{[%clk 0:01:00]} 22. Nxe6 {[%clk 0:34:23]} Rxd1 {[%clk 0:00:48]} 23. Bxd1
{[%clk 0:34:13]} Rd6 {[%clk 0:00:34]} 24. Bf3 {[%clk 0:19:25]} Rxe6
{[%clk 0:00:32]} 25. Bd5 {[%clk 0:19:12]} 1-0

[Event "WCO 2016"]
[Site "?"]
[Date "2016.09.13"]
[Round "11"]
[Board "29"]
[WhiteID "6600581"]
[White "Tapia Alexei"]
[BlackID "3000010"]
[Black "Rodriguez Vila Andres"]
[Result "1/2-1/2"]
[BlackElo "2453"]
[WhiteElo "2183"]
[LiveChessVersion "1.4.8"]

1. Nf3 {[%clk 1:30:54]} d6 {[%clk 1:30:38]} 2. d4 {[%clk 1:30:52]} g6
{[%clk 1:31:03]} 3. b3 {[%clk 1:31:03]} Nf6 {[%clk 1:31:08]} 4. g3
{[%clk 1:30:31]} Bg7 {[%clk 1:31:27]} 5. Bb2 {[%clk 1:30:55]} O-O
{[%clk 1:31:42]} 6. Bg2 {[%clk 1:31:20]} a5 {[%clk 1:30:30]} 7. a3
{[%clk 1:29:15]} c6 {[%clk 1:27:17]} 8. O-O {[%clk 1:29:03]} Bf5 {[%clk 1:25:45]}
9. c4 {[%clk 1:27:56]} Qd7 {[%clk 1:23:55]} 10. Re1 {[%clk 1:27:43]} Bh3
{[%clk 1:23:55]} 11. Nc3 {[%clk 1:22:25]} Bxg2 {[%clk 1:24:19]} 12. Kxg2
{[%clk 1:22:53]} b5 {[%clk 1:21:22]} 13. Qc2 {[%clk 1:22:08]} Na6
{[%clk 1:19:44]} 14. e4 {[%clk 1:19:32]} Rab8 {[%clk 1:17:46]} 15. e5
{[%clk 1:18:06]} Nh5 {[%clk 1:18:06]} 16. exd6 {[%clk 1:16:19]} exd6
{[%clk 1:17:59]} 17. cxb5 {[%clk 1:15:27]} cxb5 {[%clk 1:17:54]} 18. Nd5
{[%clk 1:14:22]} Qb7 {[%clk 1:17:17]} 19. Ne7+ {[%clk 1:13:23]} Kh8
{[%clk 1:17:39]} 20. Qc6 {[%clk 1:13:50]} a4 {[%clk 1:14:34]} 21. b4
{[%clk 1:07:18]} Qxc6 {[%clk 1:13:13]} 22. Nxc6 {[%clk 1:07:18]} Rb7
{[%clk 1:13:17]} 23. Rac1 {[%clk 1:03:00]} Nf6 {[%clk 1:13:03]} 24. Nd2
{[%clk 1:02:33]} Rc8 {[%clk 1:09:46]} 25. Na5 {[%clk 1:00:44]} Rbc7
{[%clk 1:09:24]} 26. Nb7 {[%clk 1:00:31]} Rxc1 {[%clk 1:09:39]} 27. Rxc1
{[%clk 1:00:53]} Rxc1 {[%clk 1:09:35]} 28. Bxc1 {[%clk 1:01:22]} Bf8
{[%clk 1:08:34]} 29. f3 {[%clk 0:58:47]} Ne8 {[%clk 1:03:27]} 30. Ne4
{[%clk 0:50:31]} f5 {[%clk 0:57:44]} 31. Nc3 {[%clk 0:48:01]} Nac7
{[%clk 0:55:32]} 32. Bf4 {[%clk 0:46:28]} Kg7 {[%clk 0:51:08]} 33. Nd8
{[%clk 0:44:58]} Kf6 {[%clk 0:50:08]} 34. h4 {[%clk 0:39:56]} h6 {[%clk 0:50:30]}
35. d5 {[%clk 0:35:55]} Bg7 {[%clk 0:49:16]} 36. Be3 {[%clk 0:33:03]} Ke7
{[%clk 0:48:31]} 37. Nc6+ {[%clk 0:33:26]} Kd7 {[%clk 0:48:50]} 38. Nd4
{[%clk 0:30:48]} Nf6 {[%clk 0:47:15]} 39. Ndxb5 {[%clk 0:30:51]} Nxb5
{[%clk 0:46:06]} 40. Nxb5 {[%clk 1:00:44]} Nxd5 {[%clk 1:16:32]} 41. Bd4
{[%clk 1:00:50]} Nc7 {[%clk 1:12:51]} 42. Bxg7 {[%clk 0:50:50]} Nxb5
{[%clk 1:13:14]} 43. Bxh6 {[%clk 0:50:48]} Nxa3 {[%clk 1:13:38]} 44. Bg7
{[%clk 0:51:13]} Nc2 {[%clk 1:13:09]} 45. g4 {[%clk 0:51:21]} d5 {[%clk 1:05:14]}
46. h5 {[%clk 0:49:01]} gxh5 {[%clk 1:05:28]} 47. gxh5 {[%clk 0:49:28]} a3
{[%clk 1:04:58]} 48. h6 {[%clk 0:45:32]} d4 {[%clk 1:05:18]} 49. h7
{[%clk 0:45:52]} a2 {[%clk 1:05:43]} 50. h8=Q {[%clk 0:46:05]} a1=Q
{[%clk 1:06:08]} 51. Bh6 {[%clk 0:46:19]} Qd1 {[%clk 0:54:58]} 52. Qh7+
{[%clk 0:43:52]} Kc6 {[%clk 0:50:42]} 53. Qxf5 {[%clk 0:41:22]} Nxb4
{[%clk 0:50:02]} 54. Bf8 {[%clk 0:40:39]} Qe2+ {[%clk 0:47:23]} 55. Kg3
{[%clk 0:39:17]} Qe1+ {[%clk 0:47:24]} 56. Kg2 {[%clk 0:38:26]} Nd5
{[%clk 0:47:38]} 57. Qc2+ {[%clk 0:34:55]} Nc3 {[%clk 0:47:09]} 58. Bg7
{[%clk 0:35:09]} Qe3 {[%clk 0:45:07]} 59. Qf2 {[%clk 0:33:07]} Qg5+
{[%clk 0:41:00]} 60. Qg3 {[%clk 0:33:30]} Qd5 {[%clk 0:40:31]} 61. Qe5
{[%clk 0:23:12]} Qxe5 {[%clk 0:36:03]} 62. Bxe5 {[%clk 0:23:32]} Kd5
{[%clk 0:36:32]} 63. Bxd4 {[%clk 0:23:52]} Kxd4 {[%clk 0:37:01]} 1/2-1/2

[Event "WCO 2016"]
[Site "?"]
[Date "2016.09.13"]
[Round "11"]
[Board "30"]
[WhiteID "3000028"]
[White "Roselli Mailhe Bernardo"]
[BlackID "6601243"]
[Black "Ulloa Ruben Guillermo"]
[Result "1/2-1/2"]
[BlackElo "2128"]
[WhiteElo "2434"]
[LiveChessVersion "1.4.8"]

1. d4 {[%clk 1:30:55]} Nf6 {[%clk 1:30:49]} 2. c4 {[%clk 1:31:21]} g6
{[%clk 1:31:13]} 3. Nc3 {[%clk 1:31:48]} d5 {[%clk 1:31:36]} 4. Nf3
{[%clk 1:32:15]} Bg7 {[%clk 1:32:00]} 5. Bf4 {[%clk 1:32:40]} O-O
{[%clk 1:32:19]} 6. Rc1 {[%clk 1:33:07]} Nh5 {[%clk 1:27:37]} 7. Bg5
{[%clk 1:26:56]} h6 {[%clk 1:28:00]} 8. Bh4 {[%clk 1:27:22]} dxc4
{[%clk 1:28:10]} 9. e3 {[%clk 1:25:12]} c5 {[%clk 1:26:05]} 10. dxc5
{[%clk 1:22:48]} g5 {[%clk 1:24:44]} 11. Nd2 {[%clk 1:17:36]} Nf6
{[%clk 1:22:50]} 12. Bg3 {[%clk 1:18:00]} Na6 {[%clk 1:22:41]} 13. c6
{[%clk 1:14:03]} bxc6 {[%clk 1:20:30]} 14. Nxc4 {[%clk 1:06:51]} Nd5
{[%clk 1:15:34]} 15. Be5 {[%clk 0:58:57]} f6 {[%clk 1:14:40]} 16. Bg3
{[%clk 0:59:20]} Nc5 {[%clk 1:13:30]} 17. Be2 {[%clk 0:50:30]} Be6
{[%clk 1:11:11]} 18. Na4 {[%clk 0:42:42]} Nxa4 {[%clk 1:07:09]} 19. Qxa4
{[%clk 0:42:28]} Nb6 {[%clk 1:07:29]} 20. Qc2 {[%clk 0:42:12]} Qd5
{[%clk 1:05:46]} 21. f3 {[%clk 0:36:42]} f5 {[%clk 1:05:34]} 22. b3
{[%clk 0:35:23]} Nxc4 {[%clk 0:47:46]} 23. Bxc4 {[%clk 0:35:32]} Qa5+
{[%clk 0:46:24]} 24. Qd2 {[%clk 0:35:48]} Qxd2+ {[%clk 0:46:38]} 25. Kxd2
{[%clk 0:36:14]} Rfd8+ {[%clk 0:46:38]} 26. Ke2 {[%clk 0:36:37]} Bd5
{[%clk 0:46:41]} 27. Bd3 {[%clk 0:33:40]} a5 {[%clk 0:31:21]} 28. Rc2
{[%clk 0:27:42]} a4 {[%clk 0:30:51]} 29. Rb1 {[%clk 0:27:57]} axb3
{[%clk 0:26:40]} 30. axb3 {[%clk 0:28:21]} Ra3 {[%clk 0:23:54]} 31. Bxf5
{[%clk 0:27:31]} e6 {[%clk 0:24:17]} 32. Be4 {[%clk 0:16:43]} Bxb3
{[%clk 0:24:26]} 33. Rxc6 {[%clk 0:17:02]} Ra2+ {[%clk 0:23:43]} 34. Kf1
{[%clk 0:17:23]} Ra3 {[%clk 0:18:40]} 35. Be1 {[%clk 0:13:43]} Ba2
{[%clk 0:15:25]} 36. Rbc1 {[%clk 0:10:38]} Rxe3 {[%clk 0:11:59]} 37. Rc8
{[%clk 0:09:33]} Rxc8 {[%clk 0:12:18]} 38. Rxc8+ {[%clk 0:10:00]} Kf7
{[%clk 0:12:41]} 39. Rc7+ {[%clk 0:09:56]} Kg8 {[%clk 0:13:03]} 40. Rc8+
{[%clk 0:34:15]} Kf7 {[%clk 0:43:24]} 41. Rc7+ {[%clk 0:29:02]} Kg8
{[%clk 0:43:45]} 42. Bg6 {[%clk 0:29:22]} Be5 {[%clk 0:44:00]} 43. Rc8+
{[%clk 0:28:51]} Kg7 {[%clk 0:42:40]} 44. Be4 {[%clk 0:28:52]} 1/2-1/2